| 000 | 01308cam a22003497a 4500 | ||
|---|---|---|---|
| 001 | 17253078 | ||
| 003 | EG-ScBUE | ||
| 005 | 20250217095411.0 | ||
| 008 | 120412s2011 ua f b 001 0 eng d | ||
| 020 | _a9789774165245 | ||
| 035 | _a(OCoLC)ocn668198384 | ||
| 040 |
_aBTCTA _beng _erda _cBTCTA _dYDXCP _dCDX _dCUS _dBWX _dUKMGB _dEG-ScBUE |
||
| 043 |
_aawgz--- _aawba--- |
||
| 082 | 0 | 4 |
_a362.82920956953 _222 _bABU |
| 100 | 1 |
_aAbū Daḥw, Jamīlah, _eauthor. |
|
| 245 | 1 | 0 |
_aGiving voices to the voiceless : _bgender-based violence in the occupied Palestinian territories / _cJamileh Abu-Duhou. |
| 264 | 1 |
_aCairo : _bThe American University in Cairo Press, _c2011. |
|
| 300 |
_axv, 208 pages ; _c25 cm |
||
| 336 |
_2rdacontent _atext _btxt |
||
| 337 |
_2rdamedia _aunmediated _bn |
||
| 338 |
_2rdacarrier _avolume _bnc |
||
| 504 | _aIncludes bibliographical references and index. | ||
| 650 | 7 |
_aWomen _xViolence against _zPalestine. _2BUEsh |
|
| 650 | 7 |
_aWomen _xViolence against _zPalestine _xReligious aspects. _2BUEsh |
|
| 650 | 7 |
_aGender identity _zPalestine. _2BUEsh |
|
| 650 | 7 |
_aGender identity _zPalestine _xReligious aspects. _2BUEsh |
|
| 653 |
_cFebruary2025 _bMASPPSS |
||
| 655 | _vReading book | ||
| 906 |
_a7 _bcbc _ccopycat _d2 _encip _f20 _gy-gencatlg |
||
| 942 |
_2ddc _cBB |
||
| 999 |
_c30897 _d30868 |
||